000
00282nam a2200109Ia 4500
008
200302s9999 xx 000 0 und d
100
_a
H. S. Verma
245
_a
Bombay, New Bombay and Metropolitan Region
260
_b
Concept Publishing Co. Ltd.
260
_c
1985
300
_a
171 P.,
999
_c
5562
_d
5562